| 000 | 00348nam a22001337a 4500 | ||
|---|---|---|---|
| 008 | 250512b |||||||| |||| 00| 0 eng d | ||
| 020 | _a0538079002 | ||
| 050 |
_aHF5351 _b.C68 |
||
| 100 | _aCunningham william | ||
| 245 | _aIntroduction to Business | ||
| 260 |
_aCiccinnati, OHIO _bSouth western publishing Co. _c1984 |
||
| 300 | _a573p. | ||
| 942 | _cBK | ||
| 999 |
_c3404 _d3404 |
||